000 00469 a2200157 4500
999 _c8324
_d8324
020 _a9781412908009
050 _aPN 4784.F37 PAP 2006
100 _aPape, Susan
_eauthor
245 _aFeature writing:
_ba practical introduction/
_cSusan Pape and Sue
264 _aLondon:
_bSAGE publications,
_c2006
300 _a163p.:
500 _aIncludes index
650 _aJournalism
_xFeature writing
700 _aFeatherstone, Sue
_eauthor
942 _2lcc
_cBK
_h4784.F37
_iPAP
_kPN